000 00904nam a22002537a 4500
999 _c162102
_d162102
005 20190816115248.0
010 _a1819CHEN B-719469-489
020 _a9781784759797
_c299.00
035 _aB-719469-489
035 _aB-728601
037 _bBlueberry
082 _aN
100 _aPatterson, James
245 _aUnbelievably boring bart /
_cby James Patterson [and] Duane Swierczynski ; illustrated by Xavier Bonet
260 _aLondon
_bYoung Arrow
_c2018
270 _a20 Vauxhall Bridge Road
_bLondon
_eSW1V 2SA
300 _a258p.:
_bill.
_c20cm(pbk)
500 _aAirport
700 _aSwierczynski, Duane
700 _aBonet, Xavier
942 _2ddc
_cCH
_mPAT
_hN